LIBRARY & INFORMATION CENTRE, KCAET, TAVANUR

ONLINE PUBLIC ACCESS CATALOGUE (OPAC)

Kerala bhoovijnaneeyam / (Record no. 6244)

MARC details
000 -LEADER
fixed length control field 00568cam a2200229ua 4500
041 ## - LANGUAGE CODE
Language code of text/sound track or separate title mal
082 ## - DEWEY DECIMAL CLASSIFICATION NUMBER
Classification number 555.483
Item number AYA/KE
100 ## - MAIN ENTRY--AUTHOR NAME
Personal name Ayyappan nair, .
245 ## - TITLE STATEMENT
Title Kerala bhoovijnaneeyam /
250 ## - EDITION STATEMENT
Edition statement 1 /
260 ## - PUBLICATION, DISTRIBUTION, ETC. (IMPRINT)
Place of publication Thiruvananthapuram :
Name of publisher State Instititute of Languages ,
Year of publication 1974.
300 ## - PHYSICAL DESCRIPTION
Number of Pages 127 ; .
942 ## - ADDED ENTRY ELEMENTS (KOHA)
Koha item type Books
Holdings
Withdrawn status Lost status Damaged status Home library Current library Date acquired Full call number Accession Number Koha item type
      KAUAET KAUAET 07/04/2012 555.483 13748 Books
      KAUAET KAUAET 07/04/2012 555.483 13749 Books
    Damaged KAUAET KAUAET 07/04/2012 555.483 13750 Books
      KAUAET KAUAET 07/04/2012 555.483 13611 Books
      KAUAET KAUAET 07/04/2012 555.483 13751 Books
free website counter